00558nam a2200193 a 450000100060000000300080000600500170001400800410003103500190007204000270009104100080011808200240012610000170015024500490016726000490021630000340026550400370029965000280033667691BD-RjUL20211209081701.0170328r19661964enka b 001 0 eng d a(BD-RjUL)67900 aDLCcDLCdBD-RjULbeng aeng00a551.6223bBUC 1966 aBucknell, J 10aClimatology :ban introduction /cJ Bucknell aLondon :bMacmillan,c1964 [Reprinted 1966]. axii, 163 p. :bill. ;c27 cm. aIncludes Bibliography and index. 0aClimatology and Weather